00500nam a22001697a 450000500170000001000150001702000250003203500140005703700130007108200180008410000230010224500560012526000520018127000600023330000190029370000180031220240205164506.0 aENG-139106 a9788123431567c85.00 aEN-122638 bDBAD/PUB a282.09543121 aSivasubramanian A. aStudies in tamil Catholicism/cBy A.Sivasubramanian aChennaibNew centuary book house (p) Ltd.c2016 bChennaia41-B,SIDCO Industrial estate, Ambatture600098 a99p.c9cm(pbk) aJ.RAGU ANTONY